01206cam a2200337 a 450000100090000000300050000900500170001400800410003101000170007202000270008903800110011604000180012704300210014505000270016608200130019310000320020624500350023826000440027330000210031760000530033865000360039165000320042765000310045965000260049065100240051665100220054065500280056285601060059085600910069685600810078713325724Nust20220829145632.0030827s2003 nyu 000 1 eng  a 2003062314 a9780751530742cRs. 476 aArshad aDLCcDLCdDLC an-us-laan-us-fl00aPS3553.O692bB576 200300a823bCOR1 aCornwell, Patricia Daniels.10aBlow fly /cPatricia Cornwell. aNew York :bG. P. Putnam's Sons,c2003. a526 p. ;c25 cm.10aScarpetta, Kayc(Fictitious character)vFiction. 0aForensic pathologistsvFiction. 0aDeath row inmatesvFiction. 0aWomen physiciansvFiction. 0aPsychopathsvFiction. 0aLouisianavFiction. 0aFloridavFiction. 7aMystery fiction.2gsafd423Contributor biographical informationuhttp://www.loc.gov/catdir/enhancements/fy0716/2003062314-b.html423Publisher descriptionuhttp://www.loc.gov/catdir/enhancements/fy0716/2003062314-d.html413Sample textuhttp://www.loc.gov/catdir/enhancements/fy0716/2003062314-s.html